000 00576nam a2200193Ia 4500
005 20250508150658.0
008 008 250505s9999 xx 000 0 eng d
037 _aTextual
040 _aFEDL
_beng
_cFEDL
041 _aeng
_2eng
084 _a370.1, CLA
_qFEDL
100 _aClarke F. et. al
_9756906
245 0 _aReview of educational thought
260 _aLondon, UK
_bUniversity of London, Institute of Education Evans Borthers Ltd.
300 _a159p.
650 _aEducation - Philosophy
942 _cTEXL
_h370.1, CLA
999 _c1324996
_d1324996